[Event "Blitz 2018"]
[Site "Saint-Petersburg"]
[Date "2018.12.29"]
[Round "6"]
[Board "86"]
[White "Gurvich Vitaly (RUS)"]
[Black "Tregubov Pavel V. (RUS)"]
[Result "1/2-1/2"]
[LiveChessVersion "1.4.8"]
[BlackElo "2516"]
[WhiteElo "2302"]

1. c4 {[%clk 0:03:02]} c5 {[%clk 0:03:04]} 2. Nf3 {[%clk 0:03:02]} Nc6
{[%clk 0:03:05]} 3. Nc3 {[%clk 0:03:01]} Nf6 {[%clk 0:03:06]} 4. g3
{[%clk 0:03:01]} d5 {[%clk 0:03:06]} 5. d4 {[%clk 0:02:59]} cxd4 6. Nxd4
{[%clk 0:02:59]} e5 {[%clk 0:03:03]} 7. Nxc6 {[%clk 0:02:57]} bxc6
{[%clk 0:03:04]} 8. cxd5 cxd5 {[%clk 0:03:05]} 9. Bg2 {[%clk 0:02:57]} Be6
{[%clk 0:03:05]} 10. Bg5 {[%clk 0:02:46]} e4 {[%clk 0:02:53]} 11. Bxf6 gxf6
{[%clk 0:02:47]} 12. Qa4+ {[%clk 0:02:14]} Qd7 {[%clk 0:02:45]} 13. Qxd7+ Kxd7
{[%clk 0:02:46]} 14. O-O-O {[%clk 0:02:08]} Rc8 {[%clk 0:02:35]} 15. Kb1
{[%clk 0:02:06]} Kc6 {[%clk 0:02:36]} 16. Rc1 {[%clk 0:01:56]} Kb7
{[%clk 0:02:11]} 17. Rhd1 {[%clk 0:01:38]} Rc5 {[%clk 0:01:30]} 18. e3
{[%clk 0:01:27]} f5 {[%clk 0:01:29]} 19. Ne2 {[%clk 0:01:08]} Rxc1+
{[%clk 0:01:22]} 20. Rxc1 {[%clk 0:01:08]} Bg7 {[%clk 0:01:19]} 21. Rd1
{[%clk 0:01:03]} Rc8 {[%clk 0:01:04]} 22. Nd4 {[%clk 0:00:59]} Bxd4
{[%clk 0:00:34]} 23. Rxd4 {[%clk 0:00:57]} Rc4 {[%clk 0:00:35]} 24. Rxc4
{[%clk 0:00:53]} dxc4 {[%clk 0:00:37]} 25. Kc2 {[%clk 0:00:54]} Kb6
{[%clk 0:00:38]} 26. Kc3 {[%clk 0:00:55]} Kc5 {[%clk 0:00:40]} 27. h4
{[%clk 0:00:52]} h6 {[%clk 0:00:41]} 28. Bf1 {[%clk 0:00:51]} a5 {[%clk 0:00:37]}
29. Be2 {[%clk 0:00:49]} Bd5 {[%clk 0:00:36]} 30. a3 {[%clk 0:00:45]} Be6
{[%clk 0:00:37]} 31. Bd1 {[%clk 0:00:43]} Bd5 {[%clk 0:00:35]} 32. Ba4
{[%clk 0:00:42]} Be6 {[%clk 0:00:36]} 33. Be8 {[%clk 0:00:40]} Kd5
{[%clk 0:00:32]} 34. Bb5 {[%clk 0:00:33]} Kc5 {[%clk 0:00:34]} 35. Ba6
{[%clk 0:00:33]} Bd5 {[%clk 0:00:33]} 36. Bc8 {[%clk 0:00:30]} Be6
{[%clk 0:00:34]} 37. Ba6 {[%clk 0:00:12]} Bd5 {[%clk 0:00:35]} 38. Bc8
{[%clk 0:00:13]} Be6 {[%clk 0:00:36]} 39. Bxe6 {[%clk 0:00:07]} fxe6
{[%clk 0:00:38]} 40. a4 {[%clk 0:00:05]} h5 {[%clk 0:00:36]} 41. b3
{[%clk 0:00:05]} cxb3 {[%clk 0:00:32]} 42. Kxb3 {[%clk 0:00:06]} Kd5
{[%clk 0:00:31]} 43. Kc3 {[%clk 0:00:06]} e5 {[%clk 0:00:27]} 44. Kb3
{[%clk 0:00:07]} f4 {[%clk 0:00:14]} 45. Kc3 {[%clk 0:00:05]} fxg3
{[%clk 0:00:10]} 46. fxg3 {[%clk 0:00:06]} Kc5 {[%clk 0:00:11]} 47. Kb3
{[%clk 0:00:06]} Kd5 {[%clk 0:00:13]} 48. Kc3 {[%clk 0:00:08]} Kc5
{[%clk 0:00:09]} 49. Kb3 {[%clk 0:00:09]} Kd5 {[%clk 0:00:09]} 50. Kc3
{[%clk 0:00:10]} Kc5 {[%clk 0:00:05]} 51. Kb3 {[%clk 0:00:11]} Kd5
{[%clk 0:00:06]} 1/2-1/2

[Event "Blitz 2018"]
[Site "Saint-Petersburg"]
[Date "2018.12.29"]
[Round "6"]
[Board "87"]
[White "Zubritskiy Artyom (RUS)"]
[Black "Pogosyan Stefan (RUS)"]
[Result "1-0"]
[BlackElo "2330"]
[WhiteElo "2513"]
[LiveChessVersion "1.4.8"]

1. c4 {[%clk 0:03:03]} e5 {[%clk 0:03:03]} 2. g3 {[%clk 0:03:05]} Nf6
{[%clk 0:03:04]} 3. Bg2 {[%clk 0:03:06]} Nc6 {[%clk 0:03:05]} 4. Nc3
{[%clk 0:03:07]} Be7 {[%clk 0:03:05]} 5. Nf3 {[%clk 0:02:59]} d5 {[%clk 0:02:41]}
6. cxd5 {[%clk 0:02:57]} Nxd5 {[%clk 0:02:43]} 7. O-O {[%clk 0:02:09]} Nb6
{[%clk 0:02:41]} 8. a3 {[%clk 0:02:01]} O-O {[%clk 0:02:36]} 9. b4
{[%clk 0:01:58]} a6 {[%clk 0:02:34]} 10. d3 {[%clk 0:01:51]} Be6 {[%clk 0:02:33]}
11. Be3 {[%clk 0:01:17]} f6 {[%clk 0:02:07]} 12. Ne4 {[%clk 0:01:15]} Nd5
{[%clk 0:01:59]} 13. Bc5 {[%clk 0:01:14]} b6 {[%clk 0:01:46]} 14. Bxe7
{[%clk 0:01:14]} Qxe7 {[%clk 0:01:47]} 15. Qd2 {[%clk 0:01:06]} a5
{[%clk 0:01:43]} 16. Rfc1 {[%clk 0:01:04]} Nd4 {[%clk 0:01:45]} 17. Nxd4
{[%clk 0:01:04]} exd4 {[%clk 0:01:46]} 18. b5 {[%clk 0:00:56]} Rad8
{[%clk 0:01:25]} 19. Rc4 {[%clk 0:00:32]} Nc3 {[%clk 0:00:57]} 20. Rxc3
{[%clk 0:00:32]} dxc3 {[%clk 0:00:58]} 21. Nxc3 {[%clk 0:00:33]} f5
{[%clk 0:00:53]} 22. e3 {[%clk 0:00:28]} Bb3 {[%clk 0:00:44]} 23. Ne2
{[%clk 0:00:23]} Bd5 {[%clk 0:00:43]} 24. Bxd5+ Rxd5 {[%clk 0:00:45]} 25. Qa2
{[%clk 0:00:10]} Qf7 {[%clk 0:00:46]} 26. Nd4 {[%clk 0:00:10]} Rfd8
{[%clk 0:00:31]} 27. Rc1 {[%clk 0:00:08]} R8d7 {[%clk 0:00:32]} 28. Rc6
{[%clk 0:00:05]} Rc5 {[%clk 0:00:25]} 29. Re6 {[%clk 0:00:04]} Kf8
{[%clk 0:00:16]} 30. Qe2 {[%clk 0:00:04]} Rc1+ {[%clk 0:00:15]} 31. Kg2
{[%clk 0:00:06]} Re7 {[%clk 0:00:12]} 32. Rxe7 {[%clk 0:00:06]} Kxe7
{[%clk 0:00:13]} 33. Qf3 {[%clk 0:00:07]} Rc5 {[%clk 0:00:14]} 34. e4
{[%clk 0:00:04]} fxe4 {[%clk 0:00:11]} 35. Qxe4+ {[%clk 0:00:06]} Kd7
{[%clk 0:00:11]} 36. Qg4+ {[%clk 0:00:06]} Ke7 {[%clk 0:00:08]} 37. Qe4+
{[%clk 0:00:06]} Kd6 {[%clk 0:00:08]} 38. Qg4 {[%clk 0:00:03]} h5
{[%clk 0:00:07]} 39. Qe2 {[%clk 0:00:03]} Qd5+ {[%clk 0:00:08]} 40. Nf3
{[%clk 0:00:04]} Qe6 {[%clk 0:00:08]} 41. Qd2 {[%clk 0:00:05]} Qf6
{[%clk 0:00:05]} 42. a4 {[%clk 0:00:05]} g5 {[%clk 0:00:05]} 43. d4
{[%clk 0:00:06]} Rd5 {[%clk 0:00:06]} 44. Ne5 {[%clk 0:00:06]} g4
{[%clk 0:00:06]} 45. Qc3 {[%clk 0:00:06]} Rxe5 {[%clk 0:00:04]} 46. Qc6+
{[%clk 0:00:07]} Ke7 {[%clk 0:00:05]} 47. Qxc7+ {[%clk 0:00:08]} Ke6
{[%clk 0:00:06]} 48. Qxe5+ {[%clk 0:00:05]} Qxe5 {[%clk 0:00:07]} 49. dxe5
{[%clk 0:00:06]} Kxe5 {[%clk 0:00:08]} 50. f4+ {[%clk 0:00:06]} Ke4
{[%clk 0:00:04]} 51. h3 {[%clk 0:00:07]} Kd4 {[%clk 0:00:04]} 52. hxg4 hxg4 53.
Kf2 Kc4 54. Ke3 {[%clk 0:00:09]} Kb4 {[%clk 0:00:09]} 55. f5 {[%clk 0:00:11]}
Kxa4 56. f6 {[%clk 0:00:12]} Kb3 {[%clk 0:00:11]} 57. f7 a4 58. f8=Q
{[%clk 0:00:14]} 1-0

[Event "Blitz 2018"]
[Site "Saint-Petersburg"]
[Date "2018.12.29"]
[Round "6"]
[Board "88"]
[White "Sokolov Andrei (LAT)"]
[Black "Chen Qi B (CHN)"]
[Result "0-1"]
[BlackElo "2416"]
[WhiteElo "2507"]
[LiveChessVersion "1.4.8"]

1. d4 {[%clk 0:03:03]} Nf6 {[%clk 0:03:03]} 2. Nf3 {[%clk 0:03:04]} g6
{[%clk 0:03:03]} 3. g3 {[%clk 0:03:05]} Bg7 {[%clk 0:03:04]} 4. Bg2
{[%clk 0:03:07]} O-O {[%clk 0:03:04]} 5. O-O {[%clk 0:03:08]} d6 {[%clk 0:03:06]}
6. Re1 {[%clk 0:03:07]} Nc6 {[%clk 0:03:00]} 7. e4 {[%clk 0:03:05]} e5
{[%clk 0:03:01]} 8. c3 {[%clk 0:02:59]} Re8 {[%clk 0:02:43]} 9. d5
{[%clk 0:03:00]} Nb8 {[%clk 0:02:40]} 10. a4 {[%clk 0:02:51]} a5 {[%clk 0:02:41]}
11. Na3 {[%clk 0:02:34]} Na6 {[%clk 0:02:42]} 12. Nc4 {[%clk 0:02:16]} Nc5
{[%clk 0:02:42]} 13. Nfd2 {[%clk 0:02:15]} Bd7 {[%clk 0:02:36]} 14. Qc2
{[%clk 0:02:05]} b6 {[%clk 0:02:37]} 15. b3 {[%clk 0:02:00]} Kh8 {[%clk 0:02:25]}
16. Nf1 {[%clk 0:01:55]} Ng8 {[%clk 0:02:22]} 17. Nfe3 {[%clk 0:01:39]} Rf8
{[%clk 0:02:23]} 18. g4 {[%clk 0:01:13]} Qh4 {[%clk 0:02:20]} 19. h3
{[%clk 0:01:14]} h5 {[%clk 0:02:18]} 20. gxh5 {[%clk 0:01:07]} Qxh5
{[%clk 0:02:19]} 21. Ba3 {[%clk 0:00:57]} f5 {[%clk 0:02:13]} 22. Bxc5
{[%clk 0:00:56]} bxc5 {[%clk 0:02:14]} 23. Qd1 {[%clk 0:00:53]} Qh4
{[%clk 0:02:10]} 24. Qf3 {[%clk 0:00:43]} Qh7 {[%clk 0:01:33]} 25. Nd2
{[%clk 0:00:30]} Nf6 {[%clk 0:01:31]} 26. exf5 {[%clk 0:00:20]} gxf5
{[%clk 0:01:32]} 27. Kf1 {[%clk 0:00:16]} Nh5 {[%clk 0:01:18]} 28. Ke2
{[%clk 0:00:12]} e4 {[%clk 0:01:18]} 29. Nxe4 {[%clk 0:00:13]} fxe4
{[%clk 0:01:17]} 30. Qxe4 {[%clk 0:00:15]} Qxe4 {[%clk 0:01:18]} 31. Bxe4
{[%clk 0:00:16]} Bxc3 {[%clk 0:01:19]} 0-1

[Event "Blitz 2018"]
[Site "Saint-Petersburg"]
[Date "2018.12.29"]
[Round "6"]
[Board "89"]
[White "Vlassov Nikolai (RUS)"]
[Black "Piorun Kacper (POL)"]
[Result "1/2-1/2"]
[BlackElo "2646"]
[WhiteElo "2438"]
[LiveChessVersion "1.4.8"]

1. e4 {[%clk 0:03:03]} c6 {[%clk 0:03:04]} 2. d4 {[%clk 0:03:04]} d5
{[%clk 0:03:05]} 3. e5 {[%clk 0:03:05]} c5 {[%clk 0:03:06]} 4. dxc5
{[%clk 0:03:06]} e6 {[%clk 0:03:07]} 5. Nf3 {[%clk 0:03:05]} Bxc5
{[%clk 0:03:08]} 6. Bd3 {[%clk 0:03:06]} Ne7 {[%clk 0:03:06]} 7. O-O
{[%clk 0:03:06]} Nbc6 {[%clk 0:02:50]} 8. c3 {[%clk 0:02:55]} Ng6
{[%clk 0:02:43]} 9. Qe2 {[%clk 0:02:55]} Qc7 {[%clk 0:02:36]} 10. Re1
{[%clk 0:02:56]} a6 {[%clk 0:02:24]} 11. Nbd2 {[%clk 0:02:56]} Nf4
{[%clk 0:02:24]} 12. Qf1 {[%clk 0:02:56]} Nxd3 {[%clk 0:02:24]} 13. Qxd3
{[%clk 0:02:58]} O-O {[%clk 0:02:16]} 14. Nb3 {[%clk 0:02:57]} Be7
{[%clk 0:02:16]} 15. Bg5 {[%clk 0:02:53]} a5 {[%clk 0:01:56]} 16. Nbd4
{[%clk 0:02:48]} Qd8 {[%clk 0:01:41]} 17. h4 {[%clk 0:02:48]} h6 {[%clk 0:01:39]}
18. Bxe7 {[%clk 0:02:37]} Qxe7 {[%clk 0:01:39]} 19. Re3 {[%clk 0:02:24]} Bd7
{[%clk 0:01:39]} 20. Rae1 {[%clk 0:02:25]} a4 {[%clk 0:01:29]} 21. h5
{[%clk 0:02:23]} Kh8 {[%clk 0:01:26]} 22. Qe2 {[%clk 0:01:50]} a3
{[%clk 0:01:23]} 23. b3 {[%clk 0:01:49]} Qc5 {[%clk 0:01:11]} 24. Nc2
{[%clk 0:01:38]} Ne7 {[%clk 0:01:03]} 25. Nh4 {[%clk 0:01:38]} Bb5
{[%clk 0:00:45]} 26. Qg4 {[%clk 0:01:39]} Bd7 {[%clk 0:00:30]} 27. Nd4
{[%clk 0:01:39]} Nc6 {[%clk 0:00:30]} 28. Rg3 Rg8 29. Kh2 {[%clk 0:01:31]} Qe7
{[%clk 0:00:32]} 30. Ree3 {[%clk 0:01:27]} Nxd4 {[%clk 0:00:19]} 31. cxd4
{[%clk 0:01:26]} b5 {[%clk 0:00:16]} 32. Qf4 {[%clk 0:01:21]} Be8
{[%clk 0:00:10]} 33. Rg4 {[%clk 0:01:19]} Qf8 {[%clk 0:00:04]} 34. Reg3
{[%clk 0:01:17]} Rc8 {[%clk 0:00:06]} 35. Qd2 {[%clk 0:01:10]} b4
{[%clk 0:00:06]} 36. f4 {[%clk 0:01:10]} f5 {[%clk 0:00:05]} 37. exf6
{[%clk 0:01:09]} Qxf6 {[%clk 0:00:06]} 38. Ng6+ {[%clk 0:01:07]} Bxg6
{[%clk 0:00:08]} 39. Rxg6 {[%clk 0:01:08]} Qf5 {[%clk 0:00:08]} 40. Qe2
{[%clk 0:00:52]} Rc2 {[%clk 0:00:06]} 41. Qxe6 {[%clk 0:00:39]} Qxe6
{[%clk 0:00:05]} 42. Rxe6 {[%clk 0:00:40]} Rxa2 {[%clk 0:00:06]} 43. Rb6
{[%clk 0:00:41]} Rd2 {[%clk 0:00:03]} 44. Rxb4 {[%clk 0:00:39]} Ra8
{[%clk 0:00:04]} 45. Ra4 {[%clk 0:00:38]} Rxa4 {[%clk 0:00:03]} 46. bxa4
{[%clk 0:00:39]} a2 {[%clk 0:00:05]} 47. Ra3 {[%clk 0:00:40]} Rxd4
{[%clk 0:00:06]} 48. g3 {[%clk 0:00:34]} Rd2+ {[%clk 0:00:06]} 49. Kh3
{[%clk 0:00:35]} d4 {[%clk 0:00:06]} 50. a5 {[%clk 0:00:37]} Rc2 {[%clk 0:00:05]}
51. a6 {[%clk 0:00:36]} Rc8 {[%clk 0:00:06]} 52. Rxa2 {[%clk 0:00:37]} d3
{[%clk 0:00:06]} 53. Kg2 {[%clk 0:00:37]} Rd8 {[%clk 0:00:06]} 54. a7
{[%clk 0:00:36]} d2 {[%clk 0:00:07]} 55. a8=Q {[%clk 0:00:34]} d1=Q
{[%clk 0:00:08]} 56. Qf3 {[%clk 0:00:33]} Qxf3+ {[%clk 0:00:06]} 57. Kxf3
{[%clk 0:00:34]} Kh7 {[%clk 0:00:07]} 58. Kg4 {[%clk 0:00:35]} Rd5
{[%clk 0:00:08]} 59. Ra6 {[%clk 0:00:36]} Rc5 {[%clk 0:00:10]} 60. Kh4
{[%clk 0:00:37]} Rd5 {[%clk 0:00:11]} 61. g4 {[%clk 0:00:38]} Rd1
{[%clk 0:00:09]} 62. g5 {[%clk 0:00:38]} Rg1 {[%clk 0:00:10]} 63. Kg4
{[%clk 0:00:40]} hxg5+ {[%clk 0:00:11]} 64. Kf5 {[%clk 0:00:41]} Rf1
{[%clk 0:00:06]} 65. fxg5 {[%clk 0:00:42]} Rh1 {[%clk 0:00:06]} 66. Ke4
{[%clk 0:00:31]} 1/2-1/2

[Event "Blitz 2018"]
[Site "Saint-Petersburg"]
[Date "2018.12.29"]
[Round "6"]
[Board "90"]
[White "Minko Vladimir (RUS)"]
[Black "Mchedlishvili Mikheil (GEO)"]
[Result "1/2-1/2"]
[BlackElo "2607"]
[WhiteElo "2403"]
[LiveChessVersion "1.4.8"]

1. d4 {[%clk 0:03:02]} d6 {[%clk 0:03:03]} 2. Nf3 {[%clk 0:03:02]} g6
{[%clk 0:03:04]} 3. c4 {[%clk 0:03:03]} Bg7 {[%clk 0:03:04]} 4. g3
{[%clk 0:03:03]} Nf6 {[%clk 0:03:01]} 5. Bg2 {[%clk 0:03:04]} O-O
{[%clk 0:03:01]} 6. Nc3 {[%clk 0:03:05]} Nc6 {[%clk 0:02:58]} 7. O-O
{[%clk 0:03:02]} Bf5 {[%clk 0:02:59]} 8. b3 {[%clk 0:02:57]} Ne4 {[%clk 0:02:56]}
9. Bb2 {[%clk 0:02:54]} Nxc3 {[%clk 0:02:55]} 10. Bxc3 {[%clk 0:02:54]} Be4
{[%clk 0:02:54]} 11. Qd2 {[%clk 0:02:51]} d5 {[%clk 0:02:52]} 12. c5
{[%clk 0:02:49]} e6 {[%clk 0:02:40]} 13. b4 {[%clk 0:02:48]} b5 {[%clk 0:02:10]}
14. Ne1 {[%clk 0:02:35]} Bxg2 {[%clk 0:02:10]} 15. Nxg2 {[%clk 0:02:35]} Qd7
{[%clk 0:02:08]} 16. Qd3 {[%clk 0:02:22]} a6 {[%clk 0:02:05]} 17. Rfd1
{[%clk 0:02:19]} Rfb8 {[%clk 0:01:59]} 18. e3 {[%clk 0:02:03]} a5
{[%clk 0:01:52]} 19. a3 {[%clk 0:01:42]} Qc8 {[%clk 0:01:48]} 20. Rdb1
{[%clk 0:01:40]} axb4 {[%clk 0:01:19]} 21. axb4 {[%clk 0:01:39]} Qb7
{[%clk 0:01:20]} 22. Nf4 {[%clk 0:01:26]} h5 {[%clk 0:01:17]} 23. h4
{[%clk 0:01:13]} Ne7 {[%clk 0:01:01]} 24. Qd1 {[%clk 0:01:07]} Bh6
{[%clk 0:00:57]} 25. Nd3 {[%clk 0:01:05]} Nc6 {[%clk 0:00:57]} 26. Rxa8
{[%clk 0:01:01]} Rxa8 {[%clk 0:00:58]} 27. Ra1 {[%clk 0:01:01]} Bg7
{[%clk 0:00:51]} 28. Rxa8+ {[%clk 0:00:50]} Qxa8 {[%clk 0:00:52]} 29. Qa1
{[%clk 0:00:50]} Qb7 {[%clk 0:00:52]} 30. Qa2 {[%clk 0:00:46]} Kh7
{[%clk 0:00:48]} 31. Qa1 {[%clk 0:00:42]} Bh6 {[%clk 0:00:37]} 32. Qe1
{[%clk 0:00:40]} Qa6 {[%clk 0:00:36]} 33. Qa1 {[%clk 0:00:39]} Qxa1+
{[%clk 0:00:34]} 34. Bxa1 {[%clk 0:00:40]} Kg8 {[%clk 0:00:35]} 35. Kf1
{[%clk 0:00:39]} f6 {[%clk 0:00:36]} 36. Bc3 {[%clk 0:00:37]} Kf7
{[%clk 0:00:37]} 37. Ke2 {[%clk 0:00:38]} g5 {[%clk 0:00:36]} 38. hxg5
{[%clk 0:00:33]} fxg5 {[%clk 0:00:37]} 39. f4 {[%clk 0:00:33]} g4
{[%clk 0:00:34]} 40. Ne5+ {[%clk 0:00:20]} Nxe5 {[%clk 0:00:33]} 41. dxe5
{[%clk 0:00:18]} Kg6 {[%clk 0:00:33]} 42. Be1 {[%clk 0:00:16]} Kf5
{[%clk 0:00:29]} 43. Kd3 {[%clk 0:00:16]} Bf8 {[%clk 0:00:28]} 44. Kd4
{[%clk 0:00:16]} Be7 {[%clk 0:00:24]} 45. Kd3 {[%clk 0:00:13]} c6
{[%clk 0:00:24]} 46. Kd4 {[%clk 0:00:14]} Kg6 {[%clk 0:00:24]} 47. Kd3
{[%clk 0:00:14]} h4 {[%clk 0:00:21]} 48. gxh4 {[%clk 0:00:14]} Kh5
{[%clk 0:00:22]} 49. e4 {[%clk 0:00:09]} dxe4+ {[%clk 0:00:12]} 50. Kxe4
{[%clk 0:00:09]} Bxh4 {[%clk 0:00:11]} 51. Bxh4 {[%clk 0:00:03]} Kxh4
{[%clk 0:00:12]} 52. f5 {[%clk 0:00:04]} exf5+ {[%clk 0:00:13]} 53. Kxf5
{[%clk 0:00:03]} g3 {[%clk 0:00:14]} 54. e6 {[%clk 0:00:04]} g2 {[%clk 0:00:14]}
55. e7 {[%clk 0:00:04]} g1=Q {[%clk 0:00:15]} 56. e8=Q {[%clk 0:00:05]} Qf2+
{[%clk 0:00:12]} 57. Ke6 {[%clk 0:00:05]} Qe1+ {[%clk 0:00:07]} 58. Kd7
{[%clk 0:00:05]} Qxb4 {[%clk 0:00:05]} 59. Kxc6 {[%clk 0:00:06]} Qa4
{[%clk 0:00:04]} 60. Kc7 {[%clk 0:00:06]} Qa7+ {[%clk 0:00:05]} 61. Kd6
{[%clk 0:00:07]} Qa5 {[%clk 0:00:04]} 62. c6 {[%clk 0:00:07]} Qb4+
{[%clk 0:00:05]} 63. Kd7 {[%clk 0:00:08]} Qd4+ {[%clk 0:00:07]} 64. Kc8
{[%clk 0:00:09]} b4 {[%clk 0:00:06]} 65. c7 {[%clk 0:00:08]} Qc5 {[%clk 0:00:06]}
66. Kd8 {[%clk 0:00:07]} Qd6+ {[%clk 0:00:06]} 67. Qd7 {[%clk 0:00:07]} Qf8+
{[%clk 0:00:06]} 68. Qe8 {[%clk 0:00:07]} Qd6+ {[%clk 0:00:07]} 69. Kc8
{[%clk 0:00:06]} Qa6+ {[%clk 0:00:08]} 70. Kd8 {[%clk 0:00:05]} Qd6+
{[%clk 0:00:09]} 71. Qd7 {[%clk 0:00:05]} Qf8+ {[%clk 0:00:09]} 72. Qe8
{[%clk 0:00:05]} Qd6+ {[%clk 0:00:09]} 1/2-1/2

[Event "Blitz 2018"]
[Site "Saint-Petersburg"]
[Date "2018.12.29"]
[Round "6"]
[Board "91"]
[White "Teske Henrik (GER)"]
[Black "Ovchinnikov Vsevolod (RUS)"]
[Result "1-0"]
[BlackElo "2375"]
[WhiteElo "2565"]
[LiveChessVersion "1.4.8"]

1. Nf3 {[%clk 0:03:02]} Nf6 {[%clk 0:03:03]} 2. c4 {[%clk 0:03:03]} c5
{[%clk 0:03:04]} 3. Nc3 {[%clk 0:03:04]} e6 {[%clk 0:03:00]} 4. g3
{[%clk 0:03:03]} b6 {[%clk 0:03:02]} 5. Bg2 Bb7 6. O-O {[%clk 0:03:03]} Be7
{[%clk 0:03:04]} 7. Re1 {[%clk 0:03:03]} d5 {[%clk 0:02:55]} 8. cxd5
{[%clk 0:03:01]} Nxd5 {[%clk 0:02:56]} 9. e4 {[%clk 0:02:33]} Nxc3
{[%clk 0:02:50]} 10. bxc3 {[%clk 0:02:33]} O-O {[%clk 0:02:39]} 11. d4
{[%clk 0:02:32]} Nd7 {[%clk 0:02:36]} 12. d5 {[%clk 0:02:17]} exd5
{[%clk 0:02:28]} 13. exd5 {[%clk 0:02:16]} Bd6 {[%clk 0:02:24]} 14. c4
{[%clk 0:02:12]} Re8 {[%clk 0:02:02]} 15. Bb2 {[%clk 0:02:03]} Rxe1+
{[%clk 0:01:44]} 16. Qxe1 {[%clk 0:02:04]} Qf8 {[%clk 0:01:40]} 17. Qc3
{[%clk 0:01:55]} Re8 {[%clk 0:01:39]} 18. Re1 {[%clk 0:01:51]} Rxe1+
{[%clk 0:01:39]} 19. Qxe1 {[%clk 0:01:51]} Qe7 {[%clk 0:00:49]} 20. Qc3
{[%clk 0:01:45]} f6 {[%clk 0:00:47]} 21. Bh3 {[%clk 0:01:41]} Nf8
{[%clk 0:00:32]} 22. Kf1 {[%clk 0:01:35]} Qe4 {[%clk 0:00:21]} 23. Kg1
{[%clk 0:00:57]} b5 {[%clk 0:00:16]} 24. Nd2 {[%clk 0:00:50]} Qe1+
{[%clk 0:00:13]} 25. Bf1 {[%clk 0:00:50]} Be5 {[%clk 0:00:09]} 26. Qc2
{[%clk 0:00:45]} Bxb2 {[%clk 0:00:07]} 27. Qxb2 {[%clk 0:00:45]} b4
{[%clk 0:00:08]} 28. Qc2 {[%clk 0:00:20]} Bc8 {[%clk 0:00:09]} 29. Nf3
{[%clk 0:00:14]} Qa1 {[%clk 0:00:08]} 30. Kg2 {[%clk 0:00:11]} g6
{[%clk 0:00:05]} 31. Qe2 {[%clk 0:00:12]} Bf5 {[%clk 0:00:04]} 32. h3
{[%clk 0:00:12]} g5 {[%clk 0:00:04]} 33. Qe3 {[%clk 0:00:11]} Nd7
{[%clk 0:00:04]} 34. g4 {[%clk 0:00:11]} Bg6 {[%clk 0:00:03]} 35. Qe6+
{[%clk 0:00:11]} Bf7 {[%clk 0:00:00]} 36. Qxd7 1-0

[Event "Blitz 2018"]
[Site "Saint-Petersburg"]
[Date "2018.12.29"]
[Round "6"]
[Board "92"]
[White "Jumabayev Rinat (KAZ)"]
[Black "Hirneise Jens (GER)"]
[Result "0-1"]
[BlackElo "2363"]
[WhiteElo "2554"]
[LiveChessVersion "1.4.8"]

1. e4 {[%clk 0:03:04]} c5 {[%clk 0:03:03]} 2. Nf3 {[%clk 0:03:05]} d6
{[%clk 0:03:05]} 3. d4 {[%clk 0:03:06]} cxd4 {[%clk 0:03:06]} 4. Qxd4 a6 5. h3
{[%clk 0:03:03]} Nc6 {[%clk 0:03:07]} 6. Qe3 {[%clk 0:03:02]} g6 {[%clk 0:03:08]}
7. Be2 {[%clk 0:03:03]} Bg7 {[%clk 0:03:04]} 8. O-O {[%clk 0:03:03]} Nf6
{[%clk 0:03:04]} 9. c4 {[%clk 0:03:02]} O-O {[%clk 0:03:02]} 10. Nc3
{[%clk 0:03:03]} Nd7 {[%clk 0:02:55]} 11. Rd1 {[%clk 0:03:04]} Nc5
{[%clk 0:02:46]} 12. Bd2 {[%clk 0:02:21]} Ne6 {[%clk 0:02:34]} 13. Be1
{[%clk 0:02:20]} f5 {[%clk 0:02:24]} 14. exf5 {[%clk 0:02:21]} Rxf5
{[%clk 0:02:15]} 15. Nd5 {[%clk 0:02:10]} Bxb2 {[%clk 0:02:00]} 16. Rab1
{[%clk 0:02:11]} Bg7 {[%clk 0:02:00]} 17. Bd3 {[%clk 0:01:33]} Rf7
{[%clk 0:01:55]} 18. c5 {[%clk 0:01:00]} Nxc5 {[%clk 0:01:34]} 19. Bc4
{[%clk 0:00:56]} b5 {[%clk 0:01:08]} 20. Ng5 {[%clk 0:00:13]} bxc4
{[%clk 0:00:58]} 21. Nxf7 {[%clk 0:00:12]} Kxf7 {[%clk 0:00:57]} 22. Nb6
{[%clk 0:00:09]} Rb8 {[%clk 0:00:46]} 23. Qf3+ {[%clk 0:00:10]} Bf5
{[%clk 0:00:37]} 24. Rb4 {[%clk 0:00:00]} 0-1

[Event "Blitz 2018"]
[Site "Saint-Petersburg"]
[Date "2018.12.29"]
[Round "6"]
[Board "93"]
[White "Al Turky Fahad A (KSA)"]
[Black "Iljin Artem (RUS)"]
[Result "0-1"]
[BlackElo "2525"]
[WhiteElo "1851"]
[LiveChessVersion "1.4.8"]

1. d4 Nf6 2. c4 e6 3. g3 Bb4+ 4. Bd2 Qe7 5. Bg2 O-O 6. Nf3 Bxd2+ 7. Nbxd2 d6 8.
O-O e5 9. d5 e4 10. Ng5 e3 11. Ndf3 exf2+ 12. Rxf2 h6 13. Nh3 Ng4 14. Qd3 Nxf2
15. Nxf2 Nd7 16. b4 a5 17. bxa5 Rxa5 18. Ne4 Ne5 19. Qc3 Ra4 20. Nfd2 b6 21. a3
Bd7 22. Rb1 Bf5 23. Rb4 Rfa8 24. Nb3 Rxa3 25. Qb2 Ng4 26. Nd4 Bxe4 27. Nc6 Ra1+
28. Bf1 Qg5 29. Qc3 Ne3 30. Kf2 Rxf1# 0-1

[Event "Blitz 2018"]
[Site "Saint-Petersburg"]
[Date "2018.12.29"]
[Round "6"]
[Board "94"]
[White "Alsulaymi Abdullah M (KSA)"]
[Black "Sokolin Leonid (USA)"]
[Result "0-1"]
[BlackElo "2508"]
[WhiteElo "1833"]
[LiveChessVersion "1.4.8"]

1. e4 {[%clk 0:03:03]} c5 {[%clk 0:03:04]} 2. b4 {[%clk 0:03:03]} cxb4
{[%clk 0:03:02]} 3. a3 {[%clk 0:03:04]} e5 {[%clk 0:02:58]} 4. Nf3 Nc6 5. Bc4
{[%clk 0:03:01]} Be7 {[%clk 0:02:44]} 6. Bb2 {[%clk 0:02:58]} d6 {[%clk 0:02:45]}
7. axb4 {[%clk 0:02:52]} Nxb4 {[%clk 0:02:39]} 8. c3 Nc6 9. d4 {[%clk 0:02:39]}
Nf6 {[%clk 0:02:38]} 10. d5 {[%clk 0:02:22]} Nb8 {[%clk 0:02:39]} 11. Nbd2
{[%clk 0:02:16]} O-O {[%clk 0:02:40]} 12. O-O {[%clk 0:02:17]} Nbd7
{[%clk 0:02:36]} 13. Ba3 {[%clk 0:02:10]} Qc7 {[%clk 0:02:30]} 14. Rc1
{[%clk 0:01:48]} Nc5 {[%clk 0:02:31]} 15. Re1 {[%clk 0:01:40]} Bd7
{[%clk 0:02:26]} 16. h3 {[%clk 0:01:36]} a5 {[%clk 0:02:26]} 17. Ng5
{[%clk 0:01:20]} h6 {[%clk 0:02:24]} 18. Ngf3 {[%clk 0:00:48]} b5
{[%clk 0:02:11]} 19. Bf1 {[%clk 0:00:35]} Rfc8 {[%clk 0:02:10]} 20. g4
{[%clk 0:00:06]} Na4 {[%clk 0:01:45]} 21. Nxe5 {[%clk 0:00:06]} Nxc3
{[%clk 0:01:46]} 22. Qf3 {[%clk 0:00:06]} b4 {[%clk 0:01:47]} 23. Nxd7
{[%clk 0:00:05]} Nxd7 {[%clk 0:01:48]} 24. Bb2 {[%clk 0:00:05]} Bg5
{[%clk 0:01:47]} 25. Nc4 {[%clk 0:00:00]} Bxc1 0-1